01117nam a2200301 a 450000100060000000300080000600500170001400800410003103500190007204000270009104100080011808200220012610000430014824501000019125000120029126000460030330000260034949000660037550000070044150200820044850400410053065000250057165100510059665100520064765100270069965100230072683000660074936207BD-RjUL20211209052442.0140618s1938 ii b 000 0 eng u a(BD-RjUL)36304 aCINdEQObengcBD-RjUL aeng a320.954bBUR 19381 aBuch, Maganlal A.q(Maganlal Amritlal)10aRise and growth of Indian liberalism :b[Arom Ram Mohun Roy to Gokhale] /cby Maganlal A. Buch a1st ed. aBaroda :bAtmaram Printing Press,c1938. a[8], 329 p. ;c24 cm. aDevelopment of contemporary Indian political thought ; vV. 1 a  aOriginally presented as the author's thesis (doctoral- University of London ) aIncludes bibliographical references. aNationalism zIndia. 0aIndiaxPolitics and government.y19th century. 0aIndia xPolitics and government y20th century. 0aIndia xCivilization.  0a  aDevelopment of contemporary Indian political thought ; vV. 1